[Event "FRA T.IV"]
[Site "Toulouse"]
[Date "2005.03.13"]
[Round "6"]
[White "Kousnetsoff, Dimitri"]
[Black "Catala, Laurent"]
[Result "1-0"]
[WhiteElo "2070"]
[BlackElo "1840"]
[PlyCount "119"]
[EventDate "2005.??.??"]
[EventType "team-match"]
[EventCountry "FRA"]

1. e4 e5 2. Nf3 Nc6 3. Bb5 Bc5 4. O-O Nge7 5. Re1 O-O 6. d3 d6 7. c3 Bg4 8. b4
Bb6 9. Be3 f5 10. Qb3+ Kh8 11. Ng5 Qe8 12. Bxb6 axb6 13. f3 Qg6 14. fxg4 Qxg5
15. gxf5 Rf6 16. Qc2 Raf8 17. Nd2 g6 18. Nf3 Qh6 19. d4 exd4 20. cxd4 gxf5 21.
e5 dxe5 22. dxe5 Rg6 23. Bf1 Qg7 24. Rad1 Rg8 25. Re2 Nxb4 26. Qxc7 Nbd5 27.
Qc1 Rc8 28. Rc2 Rxc2 29. Qxc2 Ne3 30. Rd8+ Ng8 31. Qd2 f4 32. Rd7 Qf8 33. Bd3
Rg7 34. e6 Nf6 35. Rxg7 Kxg7 36. Qc3 Qc5 37. Qxc5 bxc5 38. Ne5 Kf8 39. Nd7+
Nxd7 40. exd7 Ke7 41. Bxh7 Kxd7 42. Kf2 Ng4+ 43. Kf3 Nxh2+ 44. Kxf4 Nf1 45. Ke5
Ng3 46. Bd3 Nh5 47. g4 Ng7 48. Bb5+ Ke7 49. Kd5 b6 50. Kc6 Ne8 51. Kxb6 Nf6 52.
g5 Ne4 53. g6 Kf6 54. Bd3 Nc3 55. a3 c4 56. Bc2 Nd5+ 57. Kc5 Ne3 58. Be4 c3 59.
a4 Nf5 60. a5 1-0

[Event "FRA T.IV"]
[Site "Toulouse"]
[Date "2005.03.13"]
[Round "6"]
[White "Lacroix, Romain"]
[Black "Pantioukhine, Slava"]
[Result "0-1"]
[WhiteElo "2065"]
[BlackElo "2260"]
[PlyCount "56"]
[EventDate "2005.??.??"]
[EventType "team-match"]
[EventCountry "FRA"]

1. e4 Nf6 2. e5 Nd5 3. d4 d6 4. c4 Nb6 5. f4 Bf5 6. Nc3 e6 7. Be3 Na6 8. Nf3 c5
9. a4 Nb4 10. Rc1 dxe5 11. fxe5 Rc8 12. b3 cxd4 13. Nxd4 Nd7 14. Nxf5 exf5 15.
Bd4 Bc5 16. g3 Bxd4 17. Qxd4 Nc5 18. Nd5 Nxb3 19. Qb2 Qxd5 20. Qxb3 Qe4+ 21.
Kf2 Qxh1 22. Qxb4 Qc6 23. Rb1 b6 24. a5 bxa5 25. Qxa5 O-O 26. Qxa7 Ra8 27. Qb6
Ra2+ 28. Kg1 Qe4 0-1

[Event "FRA T.IV"]
[Site "Toulouse"]
[Date "2005.03.13"]
[Round "6"]
[White "Le Doare, William"]
[Black "Sangoi, Jean Jacques"]
[Result "1-0"]
[WhiteElo "1800"]
[BlackElo "1780"]
[PlyCount "75"]
[EventDate "2005.??.??"]
[EventType "team-match"]
[EventCountry "FRA"]

1. e4 c5 2. Bc4 Nc6 3. Nf3 d6 4. c3 Nf6 5. d3 Bg4 6. Qb3 e6 7. Qxb7 Qc8 8.
Qxc8+ Rxc8 9. Nbd2 Be7 10. Bb5 O-O 11. Bxc6 Rxc6 12. e5 Nd5 13. exd6 Bxd6 14.
Ne4 Bc7 15. Be3 Nf4 16. Bxf4 Bxf4 17. h3 Bxf3 18. gxf3 Rd8 19. Ke2 f5 20. Ng3
Rcd6 21. Rhd1 Rb8 22. b3 Rbd8 23. Nf1 e5 24. Ne3 Rf8 25. c4 Rh6 26. Rh1 e4 27.
fxe4 fxe4 28. dxe4 Be5 29. Raf1 Rh4 30. f3 Rf6 31. Nd5 Ra6 32. a4 Rah6 33. f4
Bd4 34. Rf3 g5 35. Ne7+ Kh8 36. Nf5 Re6 37. Nxh4 Rxe4+ 38. Kd3 1-0

[Event "FRA T.IV"]
[Site "Toulouse"]
[Date "2005.03.13"]
[Round "6"]
[White "Martinez, Loic"]
[Black "Vainguer, Guillaume"]
[Result "1-0"]
[WhiteElo "1910"]
[BlackElo "1760"]
[PlyCount "87"]
[EventDate "2005.??.??"]
[EventType "team-match"]
[EventCountry "FRA"]

1. e4 e5 2. Nf3 Nc6 3. d4 exd4 4. c3 dxc3 5. Bc4 h6 6. Nxc3 d6 7. O-O Bg4 8.
Qb3 Qd7 9. Bxf7+ Qxf7 10. Qxb7 Rb8 11. Qxc6+ Qd7 12. Qxd7+ Kxd7 13. Nd4 Nf6 14.
f3 Be6 15. Nxe6 Kxe6 16. Rd1 Be7 17. b3 Rhd8 18. Ba3 c6 19. Kf2 Nh5 20. g3 Rd7
21. Rac1 Rbd8 22. Na4 Rc7 23. Nb2 Nf6 24. Nd3 g5 25. Bb4 Rcc8 26. Ba5 Rf8 27.
Kg2 Nd7 28. Bc3 h5 29. Bb2 Nb6 30. Rd2 a5 31. Rdc2 c5 32. Rd2 c4 33. Ne1 d5 34.
exd5+ Nxd5 35. Re2+ Kf7 36. Rxc4 Rxc4 37. bxc4 Nb6 38. Rxe7+ Kxe7 39. Ba3+ Kf7
40. Bxf8 Kxf8 41. c5 Nd7 42. Nd3 Ke7 43. Kf2 Ke6 44. c6 1-0

[Event "FRA T.IV"]
[Site "Toulouse"]
[Date "2005.03.13"]
[Round "6"]
[White "Prieur"]
[Black "Carivenc, Thierry"]
[Result "0-1"]
[WhiteElo "1580"]
[BlackElo "1760"]
[PlyCount "58"]
[EventDate "2005.??.??"]
[EventType "team-match"]
[EventCountry "FRA"]

1. e4 g6 2. Nc3 Bg7 3. d4 d6 4. f4 c5 5. Be3 Nc6 6. Bb5 Bd7 7. Nge2 Nf6 8. dxc5
Qa5 9. O-O Ng4 10. Qd2 a6 11. Bxc6 Bxc6 12. cxd6 Rd8 13. Bd4 Rxd6 14. e5 Rd7
15. Ne4 Qd5 16. Rf3 Qxe4 17. c3 h5 18. Kh1 h4 19. h3 Nh6 20. Re1 Nf5 21. Ng3
Nxg3+ 22. Rxg3 Qd5 23. Rd3 Qxa2 24. e6 Rxd4 25. exf7+ Qxf7 26. cxd4 O-O 27. d5
Bb5 28. Rf3 Rd8 29. Re6 Qxe6 0-1

[Event "FRA T.IV"]
[Site "Toulouse"]
[Date "2005.03.13"]
[Round "6"]
[White "Riviere, Frederic"]
[Black "Bottu, Eric"]
[Result "1-0"]
[WhiteElo "1870"]
[BlackElo "1970"]
[PlyCount "117"]
[EventDate "2005.??.??"]
[EventType "team-match"]
[EventCountry "FRA"]

1. e4 c5 2. Nf3 d6 3. Nc3 Nc6 4. d4 cxd4 5. Nxd4 e6 6. Bb5 Bd7 7. O-O Be7 8.
Kh1 Nf6 9. f4 Qc7 10. Be3 O-O 11. Bd3 a6 12. Qe2 Nxd4 13. Bxd4 b5 14. e5 Nd5
15. Nxd5 exd5 16. f5 dxe5 17. Bxe5 Bd6 18. Bxg7 f6 19. Bxf8 Rxf8 20. Rae1 Be5
21. Qh5 Bc6 22. Rf3 Rf7 23. Qh6 Rg7 24. Rf2 d4 25. Be4 Bxe4 26. Rxe4 Qc5 27.
Qd2 Qc6 28. Re1 Qc7 29. Rfe2 Re7 30. Qd3 Rg7 31. c3 Rd7 32. cxd4 Rxd4 33. Qb3+
Kh8 34. Qf3 Qd8 35. Rc2 Rf4 36. Qb7 Rc4 37. Rce2 Rh4 38. g3 Rd4 39. Qf3 Rd1 40.
Rxd1 Qxd1+ 41. Kg2 Qd6 42. Rc2 Qd7 43. g4 Kg7 44. Qc6 Qd1 45. Qe4 Qd7 46. h4
Bb8 47. g5 Qd6 48. gxf6+ Kh6 49. Qe3+ Qf4 50. Qxf4+ Bxf4 51. Kf3 Be5 52. b3
Bxf6 53. Rc6 Kg7 54. h5 a5 55. h6+ Kf7 56. Rc7+ Kg8 57. a4 bxa4 58. bxa4 Bg5
59. Rg7+ 1-0

[Event "FRA T.IV"]
[Site "Toulouse"]
[Date "2005.03.13"]
[Round "6.1"]
[White "Hantisse, Alain"]
[Black "Bedos, Michel"]
[Result "0-1"]
[WhiteElo "1910"]
[BlackElo "2280"]
[PlyCount "63"]
[EventDate "2005.??.??"]
[EventType "team-match"]
[EventCountry "FRA"]

1. e4 c5 2. Nf3 e6 3. d4 cxd4 4. Nxd4 a6 5. Be2 Nf6 6. Nc3 Qc7 7. Qd3 Nc6 8. g4
Bb4 9. Nxc6 Qxc6 10. Bf3 d5 11. Bd2 Bxc3 12. Bxc3 dxe4 13. Bxf6 exd3 14. Bxc6+
bxc6 15. Bxg7 Rg8 16. Bf6 Rxg4 17. cxd3 Bb7 18. Ke2 Rf4 19. Be5 Rf5 20. Bg3 Rg5
21. b3 a5 22. Rab1 a4 23. Rhc1 axb3 24. axb3 Rd5 25. Rb2 Kd7 26. Ke3 Ba6 27.
Rc3 Bb5 28. d4 Ra1 29. Rd2 Re1+ 30. Kf3 Rf5+ 31. Kg2 Bf1+ 32. Kh1 0-1

[Event "FRA T.IV"]
[Site "Toulouse"]
[Date "2005.03.13"]
[Round "6.2"]
[White "Decosse, Jean Fabien"]
[Black "Blesing, Rene"]
[Result "1-0"]
[WhiteElo "2209"]
[BlackElo "1700"]
[PlyCount "69"]
[EventDate "2005.??.??"]
[EventType "team-match"]
[EventCountry "FRA"]

1. d4 Nf6 2. c4 g6 3. Nc3 Bg7 4. e4 d6 5. Be2 O-O 6. Bg5 Nbd7 7. h4 h6 8. Be3
e5 9. d5 Nc5 10. f3 Nh5 11. g4 Nf4 12. Rh2 c6 13. dxc6 bxc6 14. Qd2 Rb8 15.
O-O-O Qb6 16. Na4 Qb4 17. Qxb4 Rxb4 18. Nxc5 Nxe2+ 19. Rxe2 Rxc4+ 20. Rc2 Rxc2+
21. Kxc2 dxc5 22. Bxc5 Re8 23. Bxa7 Be6 24. a3 Ra8 25. Bf2 Bf8 26. Rd3 c5 27.
Ne2 c4 28. Rd2 Be7 29. Nc3 Rb8 30. Nd5 Kf8 31. Be3 Bxh4 32. Bxh6+ Kg8 33. g5
Be1 34. Nf6+ Kh8 35. Rh2 1-0

[Event "FRA T.IV"]
[Site "Toulouse"]
[Date "2005.03.13"]
[Round "6.3"]
[White "Moiseyev, Vlas"]
[Black "Faure, Nicolas"]
[Result "1-0"]
[WhiteElo "1750"]
[BlackElo "2004"]
[PlyCount "47"]
[EventDate "2005.??.??"]
[EventType "team-match"]
[EventCountry "FRA"]

1. e4 e5 2. Nf3 Nf6 3. Nxe5 d6 4. Nf3 Nxe4 5. d4 d5 6. Bd3 Nc6 7. O-O Bg4 8. c4
Nf6 9. Re1+ Be7 10. Be3 O-O 11. c5 Ne4 12. h3 Bxf3 13. Qxf3 f5 14. Nc3 f4 15.
Bxf4 Nxd4 16. Qg4 Nxc5 17. Bxc7 Qxc7 18. Nxd5 Qd6 19. Nxe7+ Kh8 20. Bxh7 Kxh7
21. Qh5+ Qh6 22. Qxc5 Qh4 23. Re4 Qxf2+ 24. Kh1 1-0

[Event "FRA T.IV"]
[Site "Toulouse"]
[Date "2005.03.13"]
[Round "6.4"]
[White "Bolon, Karelle"]
[Black "Artis, Francois"]
[Result "1-0"]
[WhiteElo "2042"]
[BlackElo "1700"]
[PlyCount "37"]
[EventDate "2005.??.??"]
[EventType "team-match"]
[EventCountry "FRA"]

1. e4 c5 2. Nc3 e5 3. Bc4 Nf6 4. Nf3 Nc6 5. Ng5 d5 6. exd5 Na5 7. Bb5+ Nd7 8.
Qg4 Qb6 9. Nxf7 Kxf7 10. Bxd7 Be7 11. Ne4 Rd8 12. Qf5+ Kg8 13. Bxc8 Raxc8 14.
d6 Bf6 15. Qe6+ Kh8 16. Nxf6 gxf6 17. Qxf6+ Kg8 18. Qe6+ Kf8 19. d3 1-0

[Event "FRA T.IV"]
[Site "Toulouse"]
[Date "2005.03.13"]
[Round "6.5"]
[White "Alladaye, Rene"]
[Black "Galby, Vassili"]
[Result "0-1"]
[WhiteElo "1740"]
[BlackElo "1941"]
[PlyCount "114"]
[EventDate "2005.??.??"]
[EventType "team-match"]
[EventCountry "FRA"]

1. Nf3 Nf6 2. g3 g6 3. Bg2 Bg7 4. d3 O-O 5. e4 d6 6. O-O c5 7. Nbd2 Nc6 8. c3
e5 9. Re1 Re8 10. Nf1 d5 11. exd5 Nxd5 12. Ne3 Be6 13. Ng5 Qxg5 14. Nxd5 Qd8
15. c4 Rc8 16. a3 b6 17. Rb1 h6 18. Be3 Ne7 19. Nxe7+ Rxe7 20. Qd2 Kh7 21. b4
Rd7 22. bxc5 bxc5 23. Bd5 Bxd5 24. cxd5 Rxd5 25. Rb7 Rc7 26. Rxc7 Qxc7 27. Qe2
Qa5 28. Rc1 Qxa3 29. Bxc5 Qxd3 30. Qxd3 Rxd3 31. Bxa7 f5 32. Be3 g5 33. Kf1 g4
34. Ke2 Rd6 35. f3 h5 36. Rc7 Kg6 37. Rb7 Ra6 38. Rb6+ Rxb6 39. Bxb6 Bh6 40.
Ba5 Kf6 41. Bc3 Ke6 42. fxg4 hxg4 43. Kd3 Kd5 44. Be1 Bf8 45. Bd2 Bc5 46. Be3
Bxe3 47. Kxe3 Kc4 48. Ke2 Kd4 49. Kd2 Ke4 50. Ke2 f4 51. gxf4 Kxf4 52. Kf2 e4
53. Ke2 e3 54. Ke1 Kf3 55. Kf1 e2+ 56. Ke1 Ke3 57. h4 g3 0-1

[Event "FRA T.IV"]
[Site "Toulouse"]
[Date "2005.03.13"]
[Round "6.6"]
[White "Tromp, Hendrik Jan"]
[Black "Decorchemont, Julien"]
[Result "1-0"]
[WhiteElo "1980"]
[BlackElo "1610"]
[PlyCount "51"]
[EventDate "2005.??.??"]
[EventType "team-match"]
[EventCountry "FRA"]

1. Nf3 Nf6 2. c4 d6 3. d4 g6 4. Nc3 Bg7 5. e4 c6 6. Be2 Nbd7 7. O-O O-O 8. Qc2
c5 9. d5 Re8 10. h3 Nb6 11. Bf4 e6 12. dxe6 Bxe6 13. Nd2 a6 14. Rad1 Re7 15. b3
h6 16. Rfe1 Ne8 17. Nf1 Qc7 18. Ne3 g5 19. Bg3 Rd8 20. Ncd5 Bxd5 21. exd5 Red7
22. Nf5 Nc8 23. Bg4 f6 24. Nxh6+ Bxh6 25. Qg6+ Bg7 26. Rxe8+ 1-0

[Event "FRA T.IV"]
[Site "Toulouse"]
[Date "2005.03.13"]
[Round "6.7"]
[White "Blesing, Alicia"]
[Black "Guillory, Gabriel"]
[Result "0-1"]
[WhiteElo "1610"]
[BlackElo "1900"]
[PlyCount "73"]
[EventDate "2005.??.??"]
[EventType "team-match"]
[EventCountry "FRA"]

1. e4 c5 2. Nf3 Nc6 3. c3 d5 4. exd5 Qxd5 5. Bb5 Bg4 6. Be2 e5 7. O-O Be7 8.
Ne1 Be6 9. Nc2 Nf6 10. Ne3 Qd7 11. Qc2 O-O 12. d3 Nd5 13. Nxd5 Bxd5 14. Nd2 f5
15. Nc4 Qe8 16. Ne3 Be6 17. Bf3 e4 18. dxe4 Ne5 19. Qe2 f4 20. Nd5 Bd6 21. Rd1
Rd8 22. b3 Qg6 23. Kh1 Nxf3 24. Qxf3 Bg4 25. Qd3 Bxd1 26. Qxd1 Qxe4 27. f3 Qe6
28. c4 Rde8 29. Bb2 Qe2 30. Qc1 Be5 31. Bxe5 Qxe5 32. Nc3 Rd8 33. Ne4 Rd7 34.
Qg1 b6 35. Re1 Rfd8 36. h3 Qb2 37. Ng5 0-1

[Event "FRA T.IV"]
[Site "Toulouse"]
[Date "2005.03.13"]
[Round "6.8"]
[White "Rouveret, Philippe"]
[Black "Amblard, Philippe"]
[Result "1-0"]
[WhiteElo "1740"]
[BlackElo "1490"]
[PlyCount "38"]
[EventDate "2005.??.??"]
[EventType "team-match"]
[EventCountry "FRA"]

1. e4 e6 2. d4 d5 3. e5 c5 4. c3 Nc6 5. Nf3 Qb6 6. Bd3 Bd7 7. dxc5 Bxc5 8. O-O
a5 9. Nbd2 Qc7 10. c4 dxc4 11. Ne4 Bxf2+ 12. Rxf2 cxd3 13. Nd6+ Ke7 14. Qxd3 h6
15. Nxf7 Kxf7 16. Ng5+ Ke7 17. Be3 Nxe5 18. Qa3+ Kd8 19. Rf8+ Be8 1-0

[Event "FRA T.IV"]
[Site "Toulouse"]
[Date "2005.04.02"]
[Round "7"]
[White "Riviere, Cedric"]
[Black "Bricout, Sasha"]
[Result "0-1"]
[WhiteElo "1900"]
[BlackElo "1660"]
[PlyCount "113"]
[EventDate "2005.??.??"]
[EventType "team-match"]
[EventCountry "FRA"]

1. d4 d5 2. c4 c6 3. Nc3 Nf6 4. Nf3 e6 5. Bg5 Nbd7 6. e3 Be7 7. Bd3 O-O 8. Qc2
h6 9. Bh4 Ng4 10. Bxe7 Qxe7 11. h3 Ngf6 12. O-O e5 13. cxd5 Nxd5 14. a3 N5f6
15. Rac1 Re8 16. dxe5 Nxe5 17. Nxe5 Qxe5 18. Qe2 Be6 19. b4 Rac8 20. Rfd1 Qg5
21. Qf3 Bb3 22. Re1 Rcd8 23. Bb1 Bd5 24. Nxd5 Rxd5 25. Rc3 a5 26. Rec1 axb4 27.
axb4 Qe5 28. Bd3 Ne4 29. Bxe4 Qxe4 30. Qxe4 Rxe4 31. f3 Rxb4 32. e4 Rdb5 33.
Kf2 Rb2+ 34. R3c2 Kf8 35. g4 Ke7 36. Kg3 Rxc2 37. Rxc2 g5 38. h4 f6 39. hxg5
hxg5 40. Rd2 Rc5 41. Kf2 b5 42. Rd3 b4 43. Ke3 Rb5 44. Rb3 Kd6 45. Kd4 Ke6 46.
Kc4 Ke5 47. Kd3 Kf4 48. Kd4 Ra5 49. Kc4 Ra3 50. Rxb4 Kxf3 51. Kc5 Re3 52. e5
Rxe5+ 53. Kxc6 Re4 54. Rb1 Kxg4 55. Kd5 Re8 56. Rf1 f5 57. Rg1+ 0-1

[Event "Var (ch)"]
[Site "Toulon"]
[Date "2004.10.16"]
[Round "1"]
[White "Touvron, Fabrice"]
[Black "Cousin, Emmanuel"]
[Result "1-0"]
[WhiteElo "1868"]
[BlackElo "1680"]
[PlyCount "27"]
[EventDate "2004.??.??"]
[EventType "swiss"]
[EventCountry "FRA"]

1. c4 Nf6 2. Nc3 e6 3. e4 g6 4. e5 Ng8 5. d4 Nc6 6. Nf3 Bg7 7. Bf4 d5 8. exd6
cxd6 9. Nb5 Qa5+ 10. Qd2 Qxd2+ 11. Kxd2 Kd7 12. Nxd6 Nf6 13. Nxf7 Rf8 14. N7e5+
1-0

[Event "Var (ch)"]
[Site "Toulon"]
[Date "2004.10.16"]
[Round "1"]
[White "Vuitton, Gilles"]
[Black "Repetto Ramella, Christian"]
[Result "1-0"]
[WhiteElo "2160"]
[BlackElo "1790"]
[PlyCount "119"]
[EventDate "2004.??.??"]
[EventType "swiss"]
[EventCountry "FRA"]

1. c4 c5 2. Nf3 Nc6 3. e3 Nf6 4. d4 d5 5. cxd5 Nxd5 6. e4 Nf6 7. d5 Nd4 8. Nxd4
cxd4 9. Qxd4 Qd6 10. Nc3 e5 11. Bb5+ Bd7 12. Bxd7+ Qxd7 13. Qxe5+ Be7 14. Bf4
O-O 15. O-O Rfe8 16. Qc7 Rad8 17. Qxd7 Rxd7 18. f3 Bc5+ 19. Kh1 Nh5 20. g3 h6
21. Rad1 g5 22. Bd2 f6 23. g4 Ng7 24. Na4 Bd6 25. Be3 h5 26. h3 Rc7 27. Rc1
Rec8 28. Rxc7 Rxc7 29. Rc1 b6 30. Rxc7 Bxc7 31. Bd4 Kf7 32. Kg2 hxg4 33. hxg4
Ne8 34. Kf2 Bf4 35. Ke2 Ke7 36. Kd3 Nd6 37. Nc3 Be5 38. a4 Kd7 39. Nb5 Nxb5 40.
axb5 Kd6 41. b3 Ke7 42. Kc4 Kd7 43. Be3 Ke7 44. Bd2 Kd7 45. Bb4 Bf4 46. Kd3 Be5
47. Ke3 Bf4+ 48. Kf2 Be5 49. Kg2 Bf4 50. Be1 Kd6 51. b4 Kd7 52. Bg3 Bd2 53. e5
fxe5 54. Bxe5 Bxb4 55. f4 gxf4 56. Kf3 Bc5 57. Kxf4 Bd6 58. Ke4 Bc5 59. g5 Ke7
60. g6 1-0

[Event "Var (ch)"]
[Site "Toulon"]
[Date "2004.11.14"]
[Round "2"]
[White "Lamberti, Hugo"]
[Black "Touvron, Fabrice"]
[Result "1-0"]
[WhiteElo "1998"]
[BlackElo "1868"]
[PlyCount "45"]
[EventDate "2004.??.??"]
[EventType "swiss"]
[EventCountry "FRA"]

1. e4 e5 2. Nf3 Nc6 3. Bc4 Nf6 4. d4 exd4 5. O-O Nxe4 6. Re1 d5 7. Bxd5 Qxd5 8.
Nc3 Qa5 9. Nxe4 Be6 10. Neg5 O-O-O 11. Nxe6 fxe6 12. Rxe6 Bd6 13. Qe2 Qh5 14.
h3 Rhe8 15. Bg5 Rxe6 16. Qxe6+ Rd7 17. Qg8+ Nd8 18. Bxd8 Rxd8 19. Qxg7 c5 20.
Ng5 Re8 21. Nxh7 Re7 22. Qg8+ Kc7 23. Nf6 1-0

[Event "Var (ch)"]
[Site "Toulon"]
[Date "2004.11.20"]
[Round "3"]
[White "Garro, Pierre"]
[Black "Vuitton, Gilles"]
[Result "0-1"]
[WhiteElo "2121"]
[BlackElo "2160"]
[PlyCount "84"]
[EventDate "2004.??.??"]
[EventType "swiss"]
[EventCountry "FRA"]

1. e4 e5 2. Nf3 Nc6 3. Bb5 a6 4. Ba4 d6 5. c4 Bd7 6. Nc3 g6 7. d3 Bg7 8. Bg5 f6
9. Be3 Nh6 10. Nd5 Nf7 11. b4 Ne7 12. Bxd7+ Qxd7 13. Rc1 O-O 14. Nxe7+ Qxe7 15.
g4 Qe6 16. Rg1 Kh8 17. Nh4 c6 18. Qf3 a5 19. a3 axb4 20. axb4 Ra3 21. Bd2 Ng5
22. Qe2 d5 23. Bxg5 fxg5 24. Nf3 dxc4 25. Nxg5 Qe7 26. Nxh7 Kxh7 27. dxc4 Qxb4+
28. Kf1 Raf3 29. Rg2 Rc3 30. Rxc3 Qxc3 31. Rg3 Qc1+ 32. Kg2 Qf4 33. h4 Rf7 34.
h5 g5 35. Rd3 Bf8 36. f3 Bc5 37. Qd1 Bd4 38. Qc2 b6 39. Kh3 Ra7 40. c5 Ra1 41.
Rxd4 Qxf3+ 42. Kh2 Rh1# 0-1

[Event "Var (ch)"]
[Site "Toulon"]
[Date "2004.11.20"]
[Round "3"]
[White "Touvron, Fabrice"]
[Black "Oudin, Thierry"]
[Result "1-0"]
[WhiteElo "1868"]
[BlackElo "1630"]
[PlyCount "69"]
[EventDate "2004.??.??"]
[EventType "swiss"]
[EventCountry "FRA"]

1. c4 b6 2. Nc3 e6 3. e4 Bb7 4. Nf3 c5 5. d4 Nf6 6. d5 exd5 7. cxd5 d6 8. Bd3
g6 9. Bf4 a6 10. O-O Bg7 11. Bxd6 Qxd6 12. e5 Qc7 13. exf6 Bxf6 14. Re1+ Kf8
15. Qc2 Nd7 16. Ne4 Bxd5 17. Nxf6 Nxf6 18. Qc3 Qf4 19. Ne5 Rg8 20. Rad1 Qd4 21.
Qc1 Qh4 22. g3 Qh5 23. Bc4 Bxc4 24. Qxc4 Ra7 25. Rd6 Kg7 26. Rxf6 Kxf6 27. Ng4+
Kg7 28. Qc3+ Kf8 29. Nf6 Qf5 30. Re8+ Kg7 31. Rxg8+ Kh6 32. h4 Re7 33. Qd2+ g5
34. Qxg5+ Qxg5 35. hxg5# 1-0

[Event "Var (ch)"]
[Site "Toulon"]
[Date "2004.11.27"]
[Round "4"]
[White "Baudson, Charles"]
[Black "Touvron, Fabrice"]
[Result "1-0"]
[WhiteElo "1948"]
[BlackElo "1868"]
[PlyCount "29"]
[EventDate "2004.??.??"]
[EventType "swiss"]
[EventCountry "FRA"]

1. e4 e5 2. Nf3 Nc6 3. Bc4 Nf6 4. d4 exd4 5. O-O Nxe4 6. Re1 d5 7. Bxd5 Qxd5 8.
Nc3 Qa5 9. Nxe4 Be6 10. Neg5 O-O-O 11. Nxe6 fxe6 12. Rxe6 Bd6 13. Ng5 Rdf8 14.
Qg4 Qf5 15. Re8+ 1-0

[Event "Var (ch)"]
[Site "Toulon"]
[Date "2004.11.27"]
[Round "4"]
[White "Vuitton, Gilles"]
[Black "Mory, Eric"]
[Result "1-0"]
[WhiteElo "2160"]
[BlackElo "2141"]
[PlyCount "65"]
[EventDate "2004.??.??"]
[EventType "swiss"]
[EventCountry "FRA"]

1. c4 Nf6 2. Nc3 g6 3. e4 d6 4. d4 Bg7 5. Be2 O-O 6. Nf3 c6 7. h3 e5 8. d5 Na6
9. Be3 Kh8 10. Nd2 Ng8 11. Nb3 c5 12. Qd2 Nc7 13. O-O-O a6 14. g4 b5 15. Rdg1
bxc4 16. Na5 Nb5 17. Nxc4 Bd7 18. h4 Nxc3 19. Qxc3 Bb5 20. g5 Bxc4 21. Bxc4 Ne7
22. h5 Kg8 23. Rg2 Qb6 24. Rgh2 Rfb8 25. hxg6 hxg6 26. Bd2 a5 27. a4 Qb4 28.
Qc2 Qb7 29. Bc3 Qd7 30. f4 Qg4 31. Rh4 Qg3 32. Qe2 exf4 33. Rh8+ 1-0

[Event "Var (ch)"]
[Site "Toulon"]
[Date "2004.12.11"]
[Round "5"]
[White "Gardes, Williams"]
[Black "Vuitton, Gilles"]
[Result "0-1"]
[WhiteElo "1929"]
[BlackElo "2160"]
[PlyCount "66"]
[EventDate "2004.??.??"]
[EventType "swiss"]
[EventCountry "FRA"]

1. e4 e6 2. d4 d5 3. Nd2 Nc6 4. Ngf3 Nf6 5. e5 Nd7 6. Bd3 Be7 7. c3 Ncb8 8. O-O
b6 9. Bc2 a5 10. Re1 Ba6 11. Nf1 c5 12. Ng3 h5 13. Be3 h4 14. Ne2 g5 15. h3 Nc6
16. a3 Rc8 17. Rc1 Rg8 18. Nh2 Nf8 19. Ng4 Kd7 20. dxc5 bxc5 21. Bxc5 Bxc5 22.
Nf6+ Kc7 23. Nxg8 Nd7 24. Nh6 Ndxe5 25. Nd4 Qf6 26. Ng4 Nxg4 27. hxg4 Ne5 28.
f3 Rh8 29. b4 Ba7 30. Rb1 Bc4 31. bxa5 Qf4 32. Qc1 Qg3 33. Qxg5 Nxf3+ 0-1

[Event "Var (ch)"]
[Site "Toulon"]
[Date "2004.12.11"]
[Round "5"]
[White "Touvron, Fabrice"]
[Black "Masten, Franck"]
[Result "1-0"]
[WhiteElo "1868"]
[BlackElo "1740"]
[PlyCount "57"]
[EventDate "2004.??.??"]
[EventType "swiss"]
[EventCountry "FRA"]

1. c4 Nf6 2. Nc3 g6 3. g3 Bg7 4. Bg2 O-O 5. e4 d6 6. Nge2 e5 7. d4 Nc6 8. d5
Ne7 9. O-O Nd7 10. Rb1 f5 11. f3 Nf6 12. b4 fxe4 13. fxe4 Nh5 14. Be3 Rxf1+ 15.
Qxf1 Qf8 16. Qxf8+ Kxf8 17. Nb5 Bg4 18. Rf1+ Nf6 19. Nec3 b6 20. c5 Rc8 21.
Nxa7 Ra8 22. cxb6 cxb6 23. Ncb5 Be2 24. Rf2 Bxb5 25. Nxb5 Nc8 26. Bg5 Kf7 27.
Bh3 Ke7 28. Rc2 Kd8 29. Nc7 1-0

[Event "Var (ch)"]
[Site "Toulon"]
[Date "2004.12.18"]
[Round "6"]
[White "Garodel, Jean Pierre"]
[Black "Touvron, Fabrice"]
[Result "0-1"]
[WhiteElo "1990"]
[BlackElo "1868"]
[PlyCount "116"]
[EventDate "2004.??.??"]
[EventType "swiss"]
[EventCountry "FRA"]

1. e4 e5 2. Nf3 Nc6 3. Bc4 Nf6 4. Nc3 Bb4 5. O-O Bxc3 6. dxc3 d6 7. h3 Qe7 8.
Qe2 h6 9. b4 g5 10. Nh2 Nd8 11. Re1 Ne6 12. Bxe6 Bxe6 13. c4 a5 14. c3 axb4 15.
cxb4 Rg8 16. g4 h5 17. f3 Nd7 18. Be3 f6 19. a4 Qh7 20. c5 hxg4 21. hxg4 d5 22.
exd5 Bxd5 23. Red1 c6 24. b5 Rh8 25. Rxd5 cxd5 26. c6 bxc6 27. bxc6 Nf8 28. Rc1
Qxh2+ 29. Qxh2 Rxh2 30. Kxh2 d4 31. Bd2 Ne6 32. a5 Nc7 33. Rb1 Ke7 34. Kg1 Kd6
35. Rc1 Nd5 36. Kf2 Rc8 37. a6 Ra8 38. Ba5 Nc7 39. Bb4+ Ke6 40. Ba5 Nxa6 41. c7
Kd7 42. Ke2 Rc8 43. Kd3 Nxc7 44. Ke4 Ne8 45. Rh1 Nd6+ 46. Kd5 Nf7 47. Rh7 Ke8
48. Bb4 Rb8 49. Bc5 Rb7 50. Rh2 Rb3 51. Ra2 Nd8 52. Rh2 Nf7 53. Ra2 Nd8 54. Rh2
Rxf3 55. Rh8+ Kd7 56. Rh7+ Kc8 57. Bb6 Rb3 58. Bxd8 Kxd8 0-1

[Event "Var (ch)"]
[Site "Toulon"]
[Date "2004.12.19"]
[Round "6"]
[White "Vuitton, Gilles"]
[Black "Baudson, Charles"]
[Result "1-0"]
[WhiteElo "2160"]
[BlackElo "1948"]
[PlyCount "69"]
[EventDate "2004.??.??"]
[EventType "swiss"]
[EventCountry "FRA"]

1. c4 e5 2. Nc3 Nc6 3. g3 g6 4. Bg2 Bg7 5. Rb1 f5 6. b4 Nf6 7. b5 Nd4 8. e3 Ne6
9. d4 exd4 10. exd4 Qe7 11. Nge2 O-O 12. O-O c6 13. bxc6 dxc6 14. d5 cxd5 15.
cxd5 Rd8 16. Qb3 Nc5 17. Qc4 Kh8 18. Ba3 Nfd7 19. Rfd1 Be5 20. d6 Bxd6 21. Rxd6
Qxd6 22. Rd1 Qf6 23. Bxc5 Nxc5 24. Rxd8+ Qxd8 25. Qxc5 h6 26. Qe5+ Kh7 27. Nd5
h5 28. h4 Bd7 29. Nf6+ Kh6 30. Bxb7 Rb8 31. Bd5 Bb5 32. Nd4 Ba4 33. Qf4+ Kg7
34. Ne6+ Kxf6 35. Nxd8 1-0

[Event "Open"]
[Site "Poitiers"]
[Date "2003.05.10"]
[Round "1"]
[White "Bouvier, Bruno"]
[Black "Naveilhan, Roland"]
[Result "1-0"]
[WhiteElo "2211"]
[BlackElo "1570"]
[PlyCount "43"]
[EventDate "2003.??.??"]
[EventType "swiss"]
[EventCountry "FRA"]

1. e4 e5 2. Nf3 Nc6 3. Bb5 d6 4. d4 exd4 5. Nxd4 Bd7 6. Nc3 Nf6 7. O-O Be7 8.
b3 a6 9. Bxc6 bxc6 10. Bb2 O-O 11. f4 c5 12. Nde2 Bc6 13. Ng3 Re8 14. Qd3 Qd7
15. Rae1 Bd8 16. Nf5 Re6 17. Nd5 Bxd5 18. exd5 Rxe1 19. Rxe1 c6 20. dxc6 Qxc6
21. Qg3 Nh5 22. Qf3 1-0

[Event "Open"]
[Site "Poitiers"]
[Date "2003.05.10"]
[Round "1"]
[White "David, Vincent"]
[Black "Bouchard, Christian"]
[Result "1-0"]
[WhiteElo "2351"]
[BlackElo "1650"]
[PlyCount "67"]
[EventDate "2003.??.??"]
[EventType "swiss"]
[EventCountry "FRA"]

1. d4 Nf6 2. c4 d6 3. Nf3 g6 4. g3 Bg7 5. Bg2 O-O 6. O-O Na6 7. Nc3 c5 8. h3
Rb8 9. e4 cxd4 10. Nxd4 Bd7 11. b3 Nc5 12. Bb2 a6 13. Re1 b5 14. cxb5 axb5 15.
b4 Na4 16. Nxa4 bxa4 17. a3 Qb6 18. Qd2 Nh5 19. Kh2 Rbc8 20. Rac1 Rxc1 21. Rxc1
Rc8 22. Rxc8+ Bxc8 23. Bf3 Nf6 24. Kg2 Bb7 25. Qc2 h5 26. e5 Bxf3+ 27. Nxf3 Nd5
28. Qxa4 dxe5 29. Qa8+ Kh7 30. Ng5+ Kh6 31. Nxf7+ Kh7 32. Qxd5 e4 33. Ng5+ Kh8
34. Qf7 1-0